La Biblioteca del Ateneo : (Record no. 193685)

MARC details
000 -LEADER
campo de control de longitud fija 00849nab a2200241 i 4500
001 - NÚMERO DE CONTROL
campo de control 193685
003 - IDENTIFICADOR DE NÚMERO DE CONTROL
campo de control ES-MaACL
005 - FECHA Y HORA DE LA ÚLTIMA TRANSACCIÓN
campo de control 20250824094047.0
007 - CAMPO FIJO DE DESCRIPCIÓN FÍSICA--INFORMACIÓN GENERAL
campo de control de longitud fija t|
008 - DATOS DE LONGITUD FIJA--INFORMACIÓN GENERAL
campo de control de longitud fija 240206s2002 sp ||||1| spa d
040 ## - FUENTE DE CATALOGACIÓN
Centro catalogador/agencia de origen ES-MaACL
Lengua de catalogación spa
100 1# - ENTRADA PRINCIPAL--NOMBRE DE PERSONA
Nombre de persona Santarriaga, Yago
Término indicativo de función/relación Autor
9 (RLIN) 235052
245 13 - MENCIÓN DEL TÍTULO
Título La Biblioteca del Ateneo :
Resto del título el paraíso del lector /
Mención de responsabilidad, etc. Yago Santarriaga
260 ## - PUBLICACIÓN, DISTRIBUCIÓN, ETC.
Lugar de publicación, distribución, etc. [Madrid] :
Nombre del editor, distribuidor, etc. Leer,
Fecha de publicación, distribución, etc. 2002
300 ## - DESCRIPCIÓN FÍSICA
Extensión 4 páginas :
Otras características físicas ilustraciones ;
Dimensiones 30 cm
500 ## - NOTA GENERAL
Nota general Fotocopia del artículo de Yago Santarriaga sobre la Biblioteca del Ateneo de Madrid, publicado en la revista "Leer", junio de 2002
610 24 - PUNTO DE ACCESO ADICIONAL DE MATERIA--NOMBRE DE ENTIDAD CORPORATIVA
Nombre de entidad corporativa o nombre de jurisdicción como elemento de entrada Ateneo de Madrid.
Unidad subordinada Biblioteca
9 (RLIN) 1951
655 #4 - TERMINO DE INDIZACIÓN--GENERO/FORMA
Datos o término principal de género/forma Artículos
9 (RLIN) 175745
852 4# - LOCALIZACIÓN
Ubicación ES-MaACL
Ubicación en estantería Depósito folletos
Número de control de estantería 2347-F-49
itemnumber 201210
942 ## - ELEMENTOS DE ENTRADA SECUNDARIOS (KOHA)
Fuente del sistema de clasificación o colocación Clasificación decimal universal
Tipo de ítem Koha Artículo de revista
Suprimir en OPAC No
Holdings
Estatus retirado Estado de pérdida Fuente del sistema de clasificación o colocación Estado de daño No para préstamo Colección Biblioteca de origen Biblioteca actual Ubicación en estantería Fecha de adquisición Total de préstamos Signatura topográfica completa Código de barras Visto por última vez Tipo de ítem Koha
    Clasificación decimal universal     Fondo Ateneo de Madrid Biblioteca del Ateneo de Madrid Biblioteca del Ateneo de Madrid Depósito folletos 06/02/2024   2347-F-49 1012065664 06/02/2024 Artículo de revista